<?xml version="1.0" encoding="UTF-8"?>
<record
    xmlns:xsi="http://www.w3.org/2001/XMLSchema-instance"
    xsi:schemaLocation="http://www.loc.gov/MARC21/slim http://www.loc.gov/standards/marcxml/schema/MARC21slim.xsd"
    xmlns="http://www.loc.gov/MARC21/slim">

  <leader>01573nam a2200301 i 4500</leader>
  <controlfield tag="003">DO-SdBNP</controlfield>
  <controlfield tag="005">20240523151058.0</controlfield>
  <controlfield tag="007">ta</controlfield>
  <controlfield tag="008">220603e2007    dr ||||| gl|| 001 0dspa d</controlfield>
  <datafield tag="020" ind1=" " ind2=" ">
    <subfield code="a">97899451401125</subfield>
  </datafield>
  <datafield tag="040" ind1=" " ind2=" ">
    <subfield code="a">DO-SdBNP</subfield>
    <subfield code="b">spa</subfield>
    <subfield code="c">BNPHU</subfield>
    <subfield code="e">rda</subfield>
  </datafield>
  <datafield tag="082" ind1=" " ind2="4">
    <subfield code="2">22</subfield>
    <subfield code="b">O77c</subfield>
  </datafield>
  <datafield tag="100" ind1="1" ind2=" ">
    <subfield code="9">71565</subfield>
    <subfield code="a">Ortega Polanco, Francisco Antonio</subfield>
    <subfield code="e">autor</subfield>
  </datafield>
  <datafield tag="245" ind1="1" ind2="0">
    <subfield code="a">C&#xF3;digo procesal penal:</subfield>
    <subfield code="b">por un juez en ejercicio para estudiantes, estudiosos y curiosos /</subfield>
    <subfield code="c">Francisco Antonio Ortega Polanco.</subfield>
  </datafield>
  <datafield tag="264" ind1=" " ind2=" ">
    <subfield code="a">Santo Domingo :</subfield>
    <subfield code="b">Corripio,</subfield>
    <subfield code="c">2007</subfield>
  </datafield>
  <datafield tag="300" ind1=" " ind2=" ">
    <subfield code="a">583 p&#xE1;ginas ;</subfield>
    <subfield code="c">27 cm.</subfield>
  </datafield>
  <datafield tag="336" ind1=" " ind2=" ">
    <subfield code="2">rdacontent</subfield>
    <subfield code="a">texto</subfield>
    <subfield code="b">txt</subfield>
  </datafield>
  <datafield tag="337" ind1=" " ind2=" ">
    <subfield code="2">rdamedia</subfield>
    <subfield code="a">sin mediaci&#xF3;n</subfield>
    <subfield code="b">n</subfield>
  </datafield>
  <datafield tag="338" ind1=" " ind2=" ">
    <subfield code="2">rdacarrier</subfield>
    <subfield code="a">volumen</subfield>
    <subfield code="b">nc</subfield>
  </datafield>
  <datafield tag="500" ind1=" " ind2=" ">
    <subfield code="a">Incluye datos biogr&#xE1;ficos del autor en la solapa de la cubierta.</subfield>
  </datafield>
  <datafield tag="500" ind1=" " ind2=" ">
    <subfield code="a">Incluye bibliograf&#xED;a y notas al pi&#xE9; de p&#xE1;ginas.</subfield>
  </datafield>
  <datafield tag="500" ind1=" " ind2=" ">
    <subfield code="a">La Biblioteca contiene el v.2</subfield>
  </datafield>
  <datafield tag="505" ind1="0" ind2=" ">
    <subfield code="a">Presentaci&#xF3;n /</subfield>
    <subfield code="r">Edgar Hern&#xE1;ndez Mej&#xED;a.--</subfield>
    <subfield code="g">Prefacio /</subfield>
    <subfield code="r">Juan Manuel Pellerano G&#xF3;mez.--</subfield>
    <subfield code="t">Abreviaturas.--</subfield>
    <subfield code="t">C&#xF3;digo Procesal Penal de la Rep&#xFA;blica Dominicana.--</subfield>
    <subfield code="g">LIBRO I.</subfield>
    <subfield code="t">Disposiciones Generales.--</subfield>
    <subfield code="g">LIBRO II.</subfield>
    <subfield code="t">Jurisdicci&#xF3;n Penal y los Sujetos Procesales.--</subfield>
    <subfield code="g">LIBRO III.</subfield>
    <subfield code="t">Actividad Procesal.--</subfield>
    <subfield code="g">LIBRO IV.</subfield>
    <subfield code="t">Medios de Prueba.--</subfield>
    <subfield code="g">LIBRO V.</subfield>
    <subfield code="t">Medidas de Coerci&#xF3;n.--</subfield>
  </datafield>
  <datafield tag="505" ind1="0" ind2=" ">
    <subfield code="a">Parte Especial.</subfield>
    <subfield code="g">Libro I.</subfield>
    <subfield code="t">Procedimiento Comunal.--</subfield>
    <subfield code="g">Libro II.</subfield>
    <subfield code="t">Procedimientos especiales.--</subfield>
    <subfield code="g">LIBRO III.</subfield>
    <subfield code="t">Los Recursos.--</subfield>
    <subfield code="g">LIBRO IV.</subfield>
    <subfield code="t">T&#xED;tulo I. Ejecuci&#xF3;n Penal.--</subfield>
  </datafield>
  <datafield tag="590" ind1=" " ind2=" ">
    <subfield code="a">Inventariado 2024 / MF</subfield>
  </datafield>
  <datafield tag="650" ind1=" " ind2="4">
    <subfield code="9">14474</subfield>
    <subfield code="a">Procedimiento Penal</subfield>
    <subfield code="z">Rep&#xFA;blica Dominicana</subfield>
  </datafield>
  <datafield tag="942" ind1=" " ind2=" ">
    <subfield code="2">ddc</subfield>
    <subfield code="c">LBS1</subfield>
  </datafield>
  <datafield tag="952" ind1=" " ind2=" ">
    <subfield code="0">0</subfield>
    <subfield code="1">0</subfield>
    <subfield code="2">ddc</subfield>
    <subfield code="5">1</subfield>
    <subfield code="7">0</subfield>
    <subfield code="8">PD</subfield>
    <subfield code="a">BNPHU</subfield>
    <subfield code="b">BNPHU</subfield>
    <subfield code="c">HD</subfield>
    <subfield code="d">2018-07-03</subfield>
    <subfield code="e">Donado por CERTV</subfield>
    <subfield code="l">0</subfield>
    <subfield code="p">2022-2728</subfield>
    <subfield code="r">2022-06-03</subfield>
    <subfield code="w">2022-06-03</subfield>
    <subfield code="y">LBS1</subfield>
  </datafield>
  <datafield tag="999" ind1=" " ind2=" ">
    <subfield code="c">51932</subfield>
    <subfield code="d">51932</subfield>
  </datafield>
</record>
